000 01006cam a2200289 a 4500
001 17131868
005 20160313112257.0
008 120124t2012 flude frb 001 0 eng d
020 _a9781439849903
020 _a1439849900
040 _aDLC
_beng
_cDLC
_dYDX
_dBTCTA
_dYDXCP
_dUKMGB
_dBWX
_dDLC
_dEG-ScBUE
_dEG-ScBUE
082 0 4 _a621.4025
_bKAK
_222
100 1 _aKakaç, S.
_q(Sadık)
245 1 0 _aHeat exchangers :
_bselection, rating, and thermal design /
_cSadık Kakaç, Hongtan Liu, Anchasa Pramuanjaroenkij.
250 _a3rd ed.
260 _aBoca Raton :
_bCRC Press / Taylor & Francis Group,
_cc.2012.
300 _axvi, 615 p. :
_bchart, plans ;
_c25 cm.
500 _aIndex : p. 607-615.
500 _aIncludes appendices.
504 _aIncludes bibliographical references.
650 7 _aHeat exchangers.
_2BUEsh
_939522
651 _2BUEsh
653 _bENGMEC
_cMay2015
_cMarch2016
700 1 _aPramuanjaroenkij, A.
_q(Anchasa)
700 1 _aLiu, Hongtan.
942 _2ddc
_k621.4025 KAK
999 _c19355
_d19327